Sprachen anhand kombinierter Flaggen erkennen - Statistiken

Allgemein
  • Dieses Quiz wurde 102 mal gespielt
  • Das Durchschnittsergebnis liegt bei 11 aus 16
Antwortstatistiken
Bildquiz Antwort % Korrekt
Deutsch
100%
Französisch
100%
Englisch
99%
Italienisch
99%
Spanisch
99%
Russisch
97%
Portugiesisch
92%
Schwedisch
88%
Chinesisch (Mandarin und Kantonesisch)
87%
Koreanisch
84%
Niederländisch
72%
Katalanisch
46%
Afrikaans
40%
Swahili
21%
Serbisch-Kroatisch
12%
Tigrinisch
6%
Keine übereinstimmenden Quizze gefunden
Verteilung der Resultate
Anzahl Personen mit jedem Resultat
Perzentil nach korrekt beantworteten Fragen
Ihre Resultats-Entwicklung
Sie haben dieses Quiz noch nicht gespielt